| 000 | 00935cam a2200277 a 4500 | ||
|---|---|---|---|
| 999 |
_c1541 _d1541 |
||
| 001 | 703263 | ||
| 003 | INLPI | ||
| 005 | 20230112091935.0 | ||
| 008 | 160715s2017 maua b 000 j eng d | ||
| 020 |
_a9780544947337 _q(hbk.) : |
||
| 035 | _a(SPYDUS)723558 | ||
| 040 |
_aNLPI _beng _cNLPI _dNLPI _dKH8 _eaacr2 |
||
| 042 | _anbic | ||
| 082 | 0 | _a823.92 TUR | |
| 100 | 1 |
_aTurnbull, Victoria, _eauthor, _eillustrator. |
|
| 245 | 1 | 0 |
_aPandora _h[children's book] / _cVictoria Turnbull. |
| 260 |
_aBoston ; _aNew York : _bClarion Books, Houghton Mifflin Harcourt, _cc2017. |
||
| 300 |
_a1 volume (unpaged) : _bcolor illustrations ; _c29 cm. |
||
| 500 | _aOriginally published in the United Kingdom by Frances Lincoln Children's Books in 2016. | ||
| 521 | 8 | _aPreschool. | |
| 521 | 8 |
_a500 _bLexile. |
|
| 650 | 0 |
_aFoxes _vJuvenile fiction. |
|
| 650 | 0 |
_aBirds _vJuvenile fiction. |
|
| 650 | 0 |
_aLoneliness _vJuvenile fiction. |
|
| 942 |
_2ddc _cNFIC |
||